[Event "Bergen Sommer NVGP 2011"]
[Site "Nordnes bydelshus, Bergen"]
[Date "2011.08.03"]
[Round "4"]
[White "Fossan, Petter"]
[Black "Strand, Øyvin"]
[Result "0-1"]
[WhiteElo "2182"]
[BlackElo "1967"]
[EventDate "2011.??.??"]

1.e4 e6 2.d4 d5 3.Nd2 dxe4 4.Nxe4 Bd7 5.Nf3 Bc6 6.Bd3 Nd7 7.O-O Ngf6 8.Ng3
Be7 9.b3 O-O 10.c4 Bxf3 11.Qxf3 c6 12.Bb2 a5 13.Bc2 Qc7 14.Rac1 Qd6 15.
Rfd1 Rfe8 16.h4 Rad8 17.h5 h6 18.Bb1 Qb8 19.Rc2 Bd6 20.Nf1 e5 21.Ne3 e4 
22.Qh3 Bf4 23.Re2 b5 24.Ba3 b4 25.Bb2 Qd6 26.Qf5 Qc7 27.Rde1 Bxe3 28.Rxe3 
c5 29.d5 Qd6 30.Bxe4 Nxe4 31.Rxe4 Rxe4 32.Qxe4 Rf8 33.Be5 Qe7 34.Bc7 Qf6 
35.Be5 Qe7 36.Bc7 Qf6 37.Bxa5 Qa6 38.Bc7 Qxa2 39.Qe7 Qd2 {Tid} 
0-1

[Event "Bergen Sommer NVGP 2011"]
[Site "Nordnes bydelshus, Bergen"]
[Date "2011.08.03"]
[Round "4"]
[White "Skøien, Håvard"]
[Black "Grønnestad, Anita"]
[Result "1/2-1/2"]
[WhiteElo "1949"]
[BlackElo "1815"]
[EventDate "2011.??.??"]

1.c4 c6 2.e4 e5 3.d4 Nf6 4.Nc3 exd4 5.Qxd4 Na6 6.Bf4 Bc5 7.Qe5+ Qe7 8.
Qxe7+ Kxe7 9.f3 d6 10.O-O-O Be6 11.a3 Nh5 12.Bd2 h6 13.g4 Nf6 14.Bf4 g5 
15.Bg3 Rad8 16.h4 Nd7 17.Nd5+ cxd5 18.cxd5 Ne5 19.Bxe5 dxe5 20.Bxa6 bxa6 
21.dxe6 Be3+ 22.Kc2 Rxd1 23.Kxd1 Kxe6 24.Ke2 Bxg1 
1/2-1/2

[Event "Bergen Sommer NVGP 2011"]
[Site "Nordnes bydelshus, Bergen"]
[Date "2011.08.03"]
[Round "4"]
[White "Rafnung, Skjalg"]
[Black "Hølleland, Sigve"]
[Result "1-0"]
[WhiteElo "1655"]
[BlackElo "1353"]
[EventDate "2011.??.??"]

1.e4 c5 2.Nc3 Nc6 3.f4 e6 4.g3 d5 5.e5 Nge7 6.Nf3 d4 7.Ne4 Ng6 8.Bb5 Qd5 
9.Qe2 a6 10.Nd6+ Bxd6 11.Bc4 d3 12.Bxd5 dxe2 13.Bxc6+ bxc6 14.exd6 O-O 15.
Ne5 Rd8 16.Kxe2 a5 17.c4 a4 18.d3 Rxd6 19.Be3 Ra5 20.Rhf1 Ne7 21.g4 f6 22.
Nf3 Bd7 23.Nd2 f5 24.b3 a3 25.g5 Be8 26.Bxc5 Rd7 27.Bb4 Ra8 28.Nf3 Bh5 29.
Ke3 Ng6 30.Bc5 Ra5 31.b4 Ra8 32.Rab1 Rb7 33.Nd4 Rc8 34.Rb3 Nf8 35.Rxa3 Nd7
36.Bd6 Kf7 37.Rb3 Ra7 38.Ra1 Nb6 39.Bc5 Ra6 40.Bxb6 Rxb6 41.c5 Rb7 42.a4 
Ke7 43.b5 cxb5 44.axb5 Rxc5 45.b6 Kd6 46.Ra7 Rxa7 47.bxa7 Ra5 48.Rb8 Bf3 
49.Kxf3 
1-0

[Event "Bergen Sommer NVGP 2011"]
[Site "Nordnes bydelshus, Bergen"]
[Date "2011.08.03"]
[Round "4"]
[White "Nordnes, Tor Gunnar"]
[Black "Lie, Terje"]
[Result "0-1"]
[WhiteElo "1624"]
[BlackElo "1281"]
[EventDate "2011.??.??"]

1.d4 Nf6 2.Nf3 b6 3.c4 e6 4.Bg5 Be7 5.Nc3 Bb7 6.e3 O-O 7.Rc1 Ne4 8.Bxe7 
Qxe7 9.Bd3 f5 10.O-O d6 11.d5 Nc5 12.Bb1 e5 13.b4 Ncd7 14.Nb5 Qd8 15.Qb3 
h6 16.a4 a6 17.Na3 Qf6 18.c5 e4 19.Nd4 Ne5 20.f3 Qe7 21.cxb6 cxb6 22.fxe4 
fxe4 23.Rxf8+ Qxf8 24.Rf1 Qe7 25.Ne6 Nbd7 26.Bxe4 Nf6 27.Nc4 Nxe4 28.Nxe5 
dxe5 29.d6 Nxd6 30.Nf8+ Nf7 31.Ng6 Qc7 32.Nxe5 Rf8 33.Ng6 Re8 34.h4 b5 35.
axb5 axb5 36.h5 Qc4 37.Qb2 Rxe3 38.Qf2 Re8 39.Qb6 Qc6 40.Qf2 Qd7 41.Qa2 
Qd4+ 42.Kh2 Qd5 43.Qxd5 Bxd5 44.Rf5 Bc4 45.Rc5 Nd6 46.Rc7 Nf5 47.g4 Ne3 
48.Kg3 Nd5 49.Ra7 Nxb4 50.Ne7+ Kh7 51.Nf5 Rg8 52.Ne7 Rf8 53.Ng6 Re8 54.Nh4
Nd5 55.Nf5 Rg8 56.Kh4 Nf4 57.g5 hxg5+ 58.Kxg5 Ne6+ 59.Kh4 Bd3 60.Ne7 Re8 
61.Nd5 Kh6 62.Rb7 Nc5 63.Rb6+ Re6 64.Rb8 Re4+ 65.Kg3 Kg5 66.Nc3 Rb4 67.Nd5
Rb3 68.Kf2 Bc4 69.Ne7 Ne4+ 70.Kg1 Kxh5 71.Rb6 g5 72.Nf5 Ng3 73.Nd4 Rb2 74.
Nc2 Rxc2 75.Rh6+ Kg4 76.Rh4+ Kf5 77.Rf4+ Ke5 
0-1

[Event "Bergen Sommer NVGP 2011"]
[Site "Nordnes bydelshus, Bergen"]
[Date "2011.08.03"]
[Round "4"]
[White "Bratbak, Anita"]
[Black "Time, Jonatan Ekelund"]
[Result "1-0"]
[WhiteElo "1453"]
[BlackElo "1607"]
[EventDate "2011.??.??"]

1.c4 e6 2.g3 d5 3.cxd5 exd5 4.Bg2 Nf6 5.Nf3 Bd6 6.O-O O-O 7.d3 c5 8.Re1 
Re8 9.Nc3 a6 10.Bg5 Be6 11.e4 d4 12.Na4 h6 13.Bxf6 gxf6 14.b3 Nc6 15.Qd2 
Kh7 16.Rac1 b6 17.Nh4 Qc7 18.f4 Bd7 19.Nb2 Nb4 20.Nd1 Rad8 21.Nf2 Nc6 22.
Qe2 Ne7 23.Ng4 Ng8 24.Qf3 Bc6 25.Qd1 Qb7 26.Qd2 Bb8 27.Re2 a5 28.Rce1 h5 
29.Nf2 Ne7 30.Bf3 Ng6 31.Bxh5 Nxh4 32.gxh4 Rg8+ 33.Kh1 Bd7 34.f5 Bxf5 35.
Rg1 Qc7 36.Ng4 Bxg4 37.Bxg4 Qf4 38.Bf5+ Kh6 39.Qxf4+ Bxf4 40.Reg2 Rxg2 41.
Rxg2 b5 42.Rc2 Bd6 43.Kg2 Rb8 44.Kf3 a4 45.Ke2 axb3 46.axb3 Ra8 47.Bd7 Ra5
48.Kd1 Kg7 49.Kc1 Kf8 50.Kb2 Ke7 51.Bc6 Be5 52.Rxc5 Bxh2 53.b4 Ra6 54.Bxb5
Rb6 55.Kb3 Bd6 56.Rd5 Rb8 57.h5 Be5 58.Bc4 Rh8 59.Rb5 Rxh5 60.Rb7+ Kd6 61.
Rxf7 
1-0

[Event "Bergen Sommer NVGP 2011"]
[Site "Nordnes bydelshus, Bergen"]
[Date "2011.08.03"]
[Round "4"]
[White "Hansen, Ola"]
[Black "Bue, Gunnar"]
[Result "0-1"]
[WhiteElo "1460"]
[BlackElo "1604"]
[EventDate "2011.??.??"]

1.e4 d6 2.d4 Nf6 3.Nc3 g6 4.Bg5 Bg7 5.Qd2 h6 6.Bh4 O-O 7.O-O-O c6 8.f4 b5 
9.Bd3 a5 10.h3 a4 11.Nf3 Nfd7 12.g4 Nb6 13.e5 Nc4 14.Qe2 d5 15.e6 fxe6 16.
Bxg6 b4 17.Nb1 b3 18.cxb3 axb3 19.a3 c5 20.Ne5 Nxe5 21.fxe5 cxd4 22.Rxd4 
Qc7+ 23.Nc3 Bxe5 24.Qd3 Bxd4 25.Qxd4 Rf4 26.Qd3 Qe5 27.Bg3 Ba6 28.Bh7+ Kh8
29.Qg6 Qe3+ 30.Kb1 Rf8 
0-1

[Event "Bergen Sommer NVGP 2011"]
[Site "Nordnes bydelshus, Bergen"]
[Date "2011.08.03"]
[Round "4"]
[White "Andås, Kjetil"]
[Black "Stensholt, Sigvat"]
[Result "0-1"]
[WhiteElo "1289"]
[BlackElo "1439"]
[EventDate "2011.??.??"]

1.e4 Nf6 2.Nc3 e5 3.f4 d5 4.fxe5 Nxe4 5.Qf3 Nxc3 6.dxc3 Bc5 7.Qg3 g6 8.Bg5
Be7 9.Bh6 Bf8 10.Bf4 Be6 11.Nf3 Bg7 12.Nd4 Qd7 13.O-O-O O-O 14.Be2 Nc6 15.
Nxe6 fxe6 16.h4 Rxf4 17.Qxf4 Rf8 18.Qg3 Bxe5 19.Qh3 h5 20.Rhf1 Bf4+ 21.Kb1
Qd6 22.g4 Qe5 23.Rde1 Bd2 24.Rxf8+ Kxf8 25.Qf3+ Ke7 26.Rf1 hxg4 27.Qf8+ 
Kd7 28.Rf7+ Ne7 29.Qxe7+ Kc6 30.Qxc7+ Qxc7 31.Rxc7+ Kxc7 32.Bxg4 e5 33.Be6
Kd6 34.Bf7 g5 35.h5 g4 36.c4 e4 37.b4 g3 38.c5+ Ke5 39.b5 Bc3 40.h6 g2 41.
h7 g1=Q# 
0-1

[Event "Bergen Sommer NVGP 2011"]
[Site "Nordnes bydelshus, Bergen"]
[Date "2011.08.03"]
[Round "4"]
[White "Stanghelle, Anders"]
[Black "Sørhus, Jostein"]
[Result "1-0"]
[WhiteElo "1200"]
[BlackElo "1326"]
[EventDate "2011.??.??"]

1.f4 d5 2.Nf3 Nf6 3.g3 Bf5 4.Bg2 e6 5.O-O Nbd7 6.d3 Bc5+ 7.e3 c6 8.Qe1 h6 
9.Nc3 b5 10.a3 a5 11.Bd2 O-O 12.Kh1 b4 13.axb4 axb4 14.Na4 Qb8 15.Nxc5 
Rxa1 16.Qxa1 Nxc5 17.Qa5 Nb7 18.Qxb4 Nd7 19.Ra1 c5 20.Qa4 Qd6 21.Qa6 Qc7 
22.h3 Nb6 23.Qa2 c4 24.g4 Bh7 25.Bf1 cxd3 26.Bxd3 Bxd3 27.cxd3 Ra8 28.Qb1 
Rxa1 29.Qxa1 Nc5 30.Qa3 Ncd7 31.Qc3 Qb7 32.Nd4 Qa6 33.b3 e5 34.Nc2 e4 35.
Nb4 Qb5 36.Kg1 Nc5 37.d4 Nd3 38.Nxd3 exd3 39.Qb4 Qa6 40.Qa5 Qb7 41.Qb5 Qa7
42.Qxd3 Qa1+ 43.Kf2 Nd7 44.Qc3 Qh1 45.Qc8+ Nf8 46.Bb4 Qxh3 47.Bxf8 h5 48.
Be7+ Kh7 49.Qf5+ 
1-0

[Event "Bergen Sommer NVGP 2011"]
[Site "Nordnes bydelshus, Bergen"]
[Date "2011.08.04"]
[Round "5"]
[White "Skøien, Håvard"]
[Black "Demac, Elias"]
[Result "1/2-1/2"]
[WhiteElo "1949"]
[BlackElo "2193"]
[EventDate "2011.??.??"]

1.d4 f5 2.Nc3 d5 3.Bg5 Nf6 4.Bxf6 exf6 5.e3 Be6 6.Qf3 Qd7 7.Nge2 Nc6 8.Nf4
Ne7 9.Nxe6 Qxe6 10.Bd3 c6 11.O-O-O g6 12.h4 h5 13.Ne2 Nc8 14.Nf4 Qf7 15.
Qg3 Rg8 16.f3 Nd6 17.Kb1 O-O-O 18.Rhe1 Bh6 19.Qh3 Rde8 20.g3 Kc7 21.Qh2 
Re7 22.Qd2 g5 23.Ng2 b6 24.b3 gxh4 25.gxh4 Rg3 26.Qf2 Qg8 27.Nf4 Bxf4 28.
exf4 Reg7 29.Bf1 Kd7 30.Qe2 Kc7 31.c4 dxc4 32.bxc4 b5 33.d5 bxc4 34.dxc6 
Qb8+ 35.Ka1 Qb4 36.Qe3 Kxc6 37.Bxc4 Nxc4 38.Qe8+ Kc7 39.Qd8+ Kc6 40.Qd5+ 
Kc7 41.Qd8+ Kc6 42.Re6+ Kb5 43.Rd5+ Qc5 44.Rxc5+ Kxc5 45.Re1 Rg1 46.Qd1 
Rxe1 47.Qxe1 Kd4 48.a4 a5 49.Qf2+ 
1/2-1/2

[Event "Bergen Sommer NVGP 2011"]
[Site "Nordnes bydelshus, Bergen"]
[Date "2011.08.04"]
[Round "5"]
[White "Lie, Terje"]
[Black "Stanghelle, Anders"]
[Result "0-1"]
[WhiteElo "1281"]
[BlackElo "1200"]
[EventDate "2011.??.??"]

1.d4 f5 2.c4 Nf6 3.Nf3 g6 4.Nc3 Bg7 5.g3 O-O 6.Bg2 d6 7.O-O Qe8 8.Qc2 e5 
9.dxe5 dxe5 10.e4 Nc6 11.a3 a6 12.b4 Be6 13.Nd2 Rd8 14.exf5 Bxf5 15.Nce4 
Nd4 16.Qb2 Ne2+ 17.Kh1 Nxc1 18.Raxc1 Nxe4 19.Nxe4 Rd4 20.Nc5 b6 21.Nxa6 
Qc8 22.b5 Rfd8 23.Nb4 Rd2 24.Bd5+ R8xd5 25.Nxd5 Rxb2 26.Ne7+ Kf7 27.Nxc8 
Bxc8 28.c5 Bh3 29.cxb6 cxb6 30.Rc7+ Kg8 31.Rd1 Rxf2 32.Rd8+ Bf8 33.Rc1 Kg7
34.a4 Ra2 35.Kg1 Bc5+ 36.Rxc5 bxc5 37.b6 Bg2 38.Rd7+ Kh6 39.Re7 c4 40.Rxe5
c3 41.Rc5 c2 42.a5 Bb7 43.h4 Ra1+ 44.Kf2 c1=Q 45.Rc7 Ra2+ 
0-1

[Event "Bergen Sommer NVGP 2011"]
[Site "Nordnes bydelshus, Bergen"]
[Date "2011.08.04"]
[Round "5"]
[White "Time, Jonatan Ekelund"]
[Black "Hansen, Ola"]
[Result "1/2-1/2"]
[WhiteElo "1607"]
[BlackElo "1460"]
[EventDate "2011.??.??"]

1.d4 d5 2.c4 c6 3.Nc3 Nf6 4.Nf3 e6 5.Bg5 Be7 6.e3 dxc4 7.a4 Nd5 8.Bxe7 
Qxe7 9.Bxc4 Nxc3 10.bxc3 Nd7 11.a5 O-O 12.O-O e5 13.Qb3 e4 14.Nd2 Nf6 15.
a6 b6 16.f3 b5 17.Be2 exf3 18.Bxf3 Qxe3+ 19.Rf2 Be6 20.Qc2 Ng4 21.Bxg4 
Bxg4 22.Rf1 Be6 23.Nf3 Bc4 24.Re1 Qh6 25.Ne5 Bd5 26.Rfe2 Qd6 27.Qf5 Be6 
28.Qe4 Bd5 29.Qf5 Be6 30.Qf3 Bd5 31.Qh3 Be6 32.Qf3 Bd5 33.Qf5 
1/2-1/2

[Event "Bergen Sommer NVGP 2011"]
[Site "Nordnes bydelshus, Bergen"]
[Date "2011.08.04"]
[Round "5"]
[White "Bue, Gunnar"]
[Black "Bratbak, Anita"]
[Result "1-0"]
[WhiteElo "1604"]
[BlackElo "1453"]
[EventDate "2011.??.??"]

1.d4 Nf6 2.c4 c5 3.e3 g6 4.Nf3 Bg7 5.Nc3 cxd4 6.exd4 d6 7.Be2 O-O 8.O-O 
Bf5 9.Be3 Nbd7 10.Rc1 Rc8 11.Nh4 Qa5 12.Nxf5 Qxf5 13.g4 Qa5 14.g5 Ne8 15.
b4 Qd8 16.f4 e5 17.dxe5 dxe5 18.Bg4 f5 19.gxf6 Nexf6 20.Be6+ Kh8 21.fxe5 
Nxe5 22.Bxc8 Qxc8 23.Bd4 Qe8 24.Bxe5 Qxe5 25.Nd5 Rd8 26.Qe1 Qd4+ 27.Qf2 
Nxd5 28.cxd5 Qxd5 29.Qg2 Qd4+ 30.Kh1 b6 31.a3 Qd3 32.Qf3 Qb5 33.Qc6 Qe2 
34.Rce1 Qa2 35.Re8+ Rxe8 36.Qxe8+ Qg8 37.Qxg8+ Kxg8 38.b5 Bd4 39.Rd1 Bc5 
40.a4 h5 41.Rd7 Kf8 42.Rxa7 Ke8 43.Rc7 Bb4 44.Kg2 Kf8 45.Rc6 
1-0

[Event "Bergen Sommer NVGP 2011"]
[Site "Nordnes bydelshus, Bergen"]
[Date "2011.08.04"]
[Round "5"]
[White "Grønnestad, Anita"]
[Black "Andås, Kjetil"]
[Result "1/2-1/2"]
[WhiteElo "1815"]
[BlackElo "1289"]
[EventDate "2011.??.??"]

1.e4 e5 2.Nf3 Nc6 3.Bc4 Nf6 4.d3 Be7 5.Nc3 d6 6.Bb3 Bg4 7.Be3 O-O 8.h3 Bh5
9.g4 Bg6 10.a3 h6 11.Nh4 Kh8 12.Rg1 Nh7 13.Nf5 Bg5 14.Nd5 Bxf5 15.gxf5 
Bxe3 16.Nxe3 Qh4 17.Rg3 Nd4 18.Ng2 Qf6 19.Ba2 g6 20.c3 Nc6 21.Ne3 Ne7 22.
Qf3 Qh4 23.Rg4 Ng5 24.Qg2 Qh5 25.f6 Ng8 26.Nd5 c6 27.h4 Ne6 28.Ne7 Nxf6 
29.Bxe6 Nxg4 30.Bxg4 Qxh4 31.Nc8 f5 32.exf5 gxf5 33.Bxf5 Rxf5 34.Nxd6 Rff8
35.Ke2 Qe7 36.Ne4 Rg8 37.Qh3 Qg7 38.Rg1 Qh7 39.Nf6 Rxg1 40.Nxh7 Kxh7 41.
Qf5+ Rg6 42.Qf7+ Rg7 43.Qf5+ Kg8 44.Qe6+ Kh7 45.Qf5+ Kh8 46.Qh5 Kh7 47.
Qf5+ 
1/2-1/2

[Event "Bergen Sommer NVGP 2011"]
[Site "Nordnes bydelshus, Bergen"]
[Date "2011.08.04"]
[Round "5"]
[White "Hølleland, Sigve"]
[Black "Fossan, Petter"]
[Result "0-1"]
[WhiteElo "1353"]
[BlackElo "2182"]
[EventDate "2011.??.??"]

1.c4 g6 2.g3 Bg7 3.Bg2 c5 4.Nc3 Nc6 5.Nf3 e5 6.d3 Nge7 7.a3 a5 8.Rb1 O-O 
9.O-O d6 10.e3 h6 11.Bd2 Be6 12.Ne2 d5 13.cxd5 Nxd5 14.Qc2 Qe7 15.Nc3 b6 
16.Nxe5 Nxe5 17.Nxd5 Bxd5 18.Bxd5 Rad8 19.Qb3 a4 20.Qa2 Nxd3 21.Bc3 Qd7 
22.e4 Rb8 23.f4 b5 24.Rbd1 c4 25.Bxc4 bxc4 26.Qxc4 Qa7+ 27.Kg2 Nxb2 28.Bd4
Qe7 29.Bxb2 Rxb2+ 30.Kh1 Qxa3 31.e5 Qb3 32.Qa6 Qc2 
0-1

[Event "Bergen Sommer NVGP 2011"]
[Site "Nordnes bydelshus, Bergen"]
[Date "2011.08.04"]
[Round "5"]
[White "Stensholt, Sigvat"]
[Black "Stokke, Kjetil"]
[Result "0-1"]
[WhiteElo "1439"]
[BlackElo "2383"]
[EventDate "2011.??.??"]

1.d4 Nf6 2.c4 g6 3.Nc3 Bg7 4.e4 O-O 5.f3 Nc6 6.Bg5 e5 7.dxe5 Nxe5 8.f4 Nc6
9.Nd5 Re8 10.Qd3 h6 11.Nxf6+ Bxf6 12.Bxh6 Nb4 13.Qb1 d5 14.e5 Bf5 15.Qd1 
Nc2+ 16.Kf2 Bxe5 17.Bg5 Bf6 18.Bxf6 Qxf6 19.Rc1 Ne3 20.Qd2 dxc4 21.Bxc4 
Rad8 22.Qb4 Be4 23.Nf3 Bxf3 24.Kxf3 Qc6+ 
0-1

[Event "Bergen Sommer NVGP 2011"]
[Site "Nordnes bydelshus, Bergen"]
[Date "2011.08.04"]
[Round "5"]
[White "Strand, Øyvin"]
[Black "Rafnung, Skjalg"]
[Result "1-0"]
[WhiteElo "1967"]
[BlackElo "1655"]
[EventDate "2011.??.??"]

1.d4 Nf6 2.Nf3 g6 3.e3 Bg7 4.c4 d5 5.Nc3 O-O 6.b4 c6 7.Bb2 Nbd7 8.Qb3 dxc4
9.Bxc4 Nb6 10.O-O Nxc4 11.Qxc4 Be6 12.Qe2 Nd5 13.Nxd5 cxd5 14.a4 Re8 15.
Rfc1 Rc8 16.Ne5 f6 17.Nd3 b6 18.b5 Bf7 19.Nb4 e5 20.Nc6 Qd7 21.a5 e4 22.
axb6 axb6 23.Ra6 Bf8 24.Rca1 Rxc6 25.bxc6 Qxc6 26.Rc1 Qb7 27.Qb5 Rb8 28.
Rc6 Be8 29.Raxb6 Qxc6 30.Qxc6 Bxc6 31.Rxb8 Kg7 32.f3 f5 33.Rc8 Bb5 34.Rc3 
Bd6 35.Ba3 Bxa3 36.Rxa3 Kh6 37.Ra5 Bc4 38.Ra7 g5 39.Kf2 Kg6 40.Rc7 h5 41.
Rc6+ Kg7 42.fxe4 fxe4 43.Kg3 Bb5 44.Rc5 Bc4 45.h4 Kg6 46.Rc8 gxh4+ 47.Kxh4
Be2 48.Rc5 Bc4 49.Rc6+ Kf5 50.Kxh5 Be2+ 51.Kh4 
1-0

[Event "Bergen Sommer NVGP 2011"]
[Site "Nordnes bydelshus, Bergen"]
[Date "2011.08.04"]
[Round "5"]
[White "Fossan, Andreas"]
[Black "Nordnes, Tor Gunnar"]
[Result "0-1"]
[WhiteElo "942"]
[BlackElo "1624"]
[EventDate "2011.??.??"]

1.d4 d5 2.c4 e6 3.Nc3 Nf6 4.Bg5 Be7 5.e3 O-O 6.Bd3 dxc4 7.Bxc4 Nd5 8.Bxe7 
Nxe7 9.Nf3 Nd7 10.O-O Nf6 11.Re1 a6 12.a4 b6 13.e4 Bb7 14.b4 c5 15.b5 cxd4
16.Qxd4 Qxd4 17.Nxd4 Rac8 18.Nc6 Nxc6 19.bxc6 Rxc6 20.Nd5 Nxd5 21.exd5 
Rxc4 22.dxe6 fxe6 23.Rxe6 Rfc8 24.h3 Rc1+ 25.Rxc1 Rxc1+ 26.Kh2 b5 27.Rd6 
Bc6 28.axb5 axb5 29.Rd8+ Kf7 30.Rd3 Rc2 31.Kg3 b4 32.Rd4 b3 33.Rb4 b2 34.
f3 Bd5 35.Rb5 Ba2 
0-1

[Event "Bergen Sommer NVGP 2011"]
[Site "Nordnes bydelshus, Bergen"]
[Date "2011.08.05"]
[Round "6"]
[White "Demac, Elias"]
[Black "Grønnestad, Anita"]
[Result "1-0"]
[WhiteElo "2193"]
[BlackElo "1815"]
[EventDate "2011.??.??"]

1.d4 Nf6 2.Bg5 d5 3.Bxf6 exf6 4.e3 Bd6 5.c4 dxc4 6.Bxc4 O-O 7.Nc3 f5 8.Nf3
Nd7 9.O-O Nf6 10.Qc2 c6 11.g3 g6 12.Nd2 Qe7 13.Be2 Re8 14.Bf3 Be6 15.a3 a5
16.Bg2 Rad8 17.Rfe1 h5 18.Qa4 Bc7 19.b4 axb4 20.axb4 Nd5 21.Nxd5 Bxd5 22.
b5 Bxg2 23.Kxg2 c5 24.Nf3 Bb6 25.Rad1 Qe4 26.h4 Ra8 27.Qb3 Ba5 28.Re2 Bb6 
29.Rdd2 Ba5 30.Rc2 cxd4 31.exd4 Qxe2 32.Rxe2 Rxe2 33.Ne5 Rf8 34.Nxg6 Rc8 
35.Ne5 Rf8 36.Qd3 Re4 37.Nd7 Kg7 38.Nxf8 1-0

[Event "Bergen Sommer NVGP 2011"]
[Site "Nordnes bydelshus, Bergen"]
[Date "2011.08.05"]
[Round "6"]
[White "Lie, Terje"]
[Black "Time, Jonatan Ekelund"]
[Result "0-1"]
[WhiteElo "1281"]
[BlackElo "1607"]
[EventDate "2011.??.??"]

1.d4 e6 2.c4 f5 3.Nc3 Nf6 4.Nf3 Bb4 5.Bd2 O-O 6.g3 b6 7.Bg2 Bb7 8.O-O Qe8 
9.a3 Be7 10.b4 Qh5 11.Bf4 d6 12.Nb5 Rc8 13.Rc1 Ng4 14.h3 Nh6 15.Qd2 Nf7 
16.Qe3 Nd8 17.Ng5 Bxg2 18.Kxg2 Qg6 19.c5 e5 20.cxd6 exf4 21.Qxe7 Nbc6 22.
Rxc6 Nxc6 23.Qe6+ Qxe6 24.Nxe6 cxd6 25.Nxf4 Rd8 26.e3 Rac8 27.Ne6 Rd7 28.
Kf3 Kf7 29.Nf4 Ne7 30.h4 a6 31.Nxd6+ Rxd6 {Resten er uklart.} 0-1

[Event "Bergen Sommer NVGP 2011"]
[Site "Nordnes bydelshus, Bergen"]
[Date "2011.08.05"]
[Round "6"]
[White "Stanghelle, Anders"]
[Black "Skøien, Håvard"]
[Result "0-1"]
[WhiteElo "1200"]
[BlackElo "1949"]
[EventDate "2011.??.??"]

1.f4 d5 2.Nf3 g6 3.g3 Bg7 4.Bg2 c5 5.O-O Nc6 6.d3 Nf6 7.c3 O-O 8.h3 Qc7 9.
Qe1 Re8 10.Nbd2 e5 11.fxe5 Nxe5 12.Nb3 Nxd3 13.Qd2 Nxc1 14.Raxc1 Qxg3 15.
Qg5 Qxg5 16.Nxg5 h6 17.Nf3 Ne4 18.Kh2 Be6 19.Rc2 a5 20.Nc1 a4 21.a3 Bf8 
22.e3 Nd6 23.Re2 Bf5 24.Nd2 Ne4 25.Bxe4 Bxe4 26.Nxe4 Rxe4 27.Nd3 Rae8 28.
Rf3 d4 29.Nf2 Rxe3 30.Rexe3 Rxe3 31.Rxe3 dxe3 32.Nd3 e2 33.Kg2 c4 34.Ne1 
h5 35.Kf2 Bh6 36.Nc2 Bc1 37.Kxe2 Bxb2 38.Kd2 f5 39.Ne3 b5 40.Nd5 Bxa3 41.
Nc7 b4 42.Nb5 bxc3+ 43.Kxc3 Be7 44.Kxc4 a3 45.Kb3 Kf7 46.Nd4 Kf6 47.h4 g5 
48.hxg5+ Kxg5 49.Nf3+ Kf4 50.Nd4 h4 51.Nxf5 0-1

[Event "Bergen Sommer NVGP 2011"]
[Site "Nordnes bydelshus, Bergen"]
[Date "2011.08.05"]
[Round "6"]
[White "Fossan, Petter"]
[Black "Bue, Gunnar"]
[Result "1-0"]
[WhiteElo "2182"]
[BlackElo "1604"]
[EventDate "2011.??.??"]

1.e4 d6 2.d4 Nf6 3.Nc3 g6 4.f4 Bg7 5.Nf3 O-O 6.Bd3 Nc6 7.O-O e5 8.dxe5 
dxe5 9.f5 a6 10.Kh1 b5 11.Qe1 b4 12.Na4 Ne7 13.Bg5 h6 14.Bh4 g5 15.Bg3 Nc6
16.Nxe5 Nxe5 17.Bxe5 Qe7 18.Bd4 Rd8 19.Bc5 Qe5 20.Bxb4 Bd7 21.Bc3 Qd6 22.
e5 1-0

[Event "Bergen Sommer NVGP 2011"]
[Site "Nordnes bydelshus, Bergen"]
[Date "2011.08.05"]
[Round "6"]
[White "Nordnes, Tor Gunnar"]
[Black "Sørhus, Jostein"]
[Result "1-0"]
[WhiteElo "1624"]
[BlackElo "1326"]
[EventDate "2011.??.??"]

1.d4 d5 2.Nf3 Nf6 3.c4 c6 4.Nc3 Bf5 5.Bg5 e6 6.Nh4 Bg4 7.cxd5 cxd5 8.Qb3 
b6 9.h3 h6 10.Be3 Bh5 11.Rc1 Ne4 12.Nb5 Bd6 13.Nf3 O-O 14.g4 Bg6 15.g5 
hxg5 16.Nxd6 Qxd6 17.Nxg5 Nd7 18.Bg2 Rfc8 19.O-O Ndf6 20.Nf3 Nd7 21.Qa4 
Rc7 22.Rxc7 Qxc7 23.Rc1 Qb7 24.Qc6 Rb8 25.Bf4 Qxc6 26.Rxc6 Rb7 27.Rc8+ Kh7
28.Nh4 Bh5 29.Nf3 f6 30.Kf1 g5 31.Bc1 Nb8 32.b3 b5 33.Ne1 b4 34.Bxe4+ dxe4
35.Bd2 a5 36.Rc5 Ra7 37.h4 Nd7 38.Rc6 gxh4 39.Rxe6 Bg6 40.Re7+ Kg8 41.Bh6 
Bf7 42.Rxe4 h3 43.Rg4+ Kh8 44.Rh4 Be6 45.d5 Bf5 46.Be3+ Kg7 47.Bxa7 Ne5 
48.Bb6 Bb1 49.Bxa5 Bxa2 50.Rxh3 1-0

[Event "Bergen Sommer NVGP 2011"]
[Site "Nordnes bydelshus, Bergen"]
[Date "2011.08.05"]
[Round "6"]
[White "Stokke, Kjetil"]
[Black "Strand, Øyvin"]
[Result "1-0"]
[WhiteElo "2383"]
[BlackElo "1967"]
[EventDate "2011.??.??"]

1.g3 d5 2.Bg2 g6 3.c4 dxc4 4.Qa4+ c6 5.Qxc4 Bg7 6.Nf3 e5 7.d3 Be6 8.Qa4 
Ne7 9.Ng5 Bd5 10.e4 h6 11.exd5 hxg5 12.Bxg5 f6 13.Bd2 Nxd5 14.Qg4 Kf7 15.
Nc3 Nxc3 16.Bxc3 Qd7 17.Qb4 Na6 18.Qb3+ Ke8 19.O-O-O Nc5 20.Qc4 Ne6 21.d4 
Nxd4 22.Bxd4 exd4 23.Rxd4 1-0

[Event "Bergen Sommer NVGP 2011"]
[Site "Nordnes bydelshus, Bergen"]
[Date "2011.08.05"]
[Round "6"]
[White "Hansen, Ola"]
[Black "Fossan, Andreas"]
[Result "1-0"]
[WhiteElo "1460"]
[BlackElo "942"]
[EventDate "2011.??.??"]

1.e4 e6 2.Qe2 Be7 3.d3 d5 4.g3 Nf6 5.Bg2 O-O 6.e5 Nfd7 7.Nf3 c5 8.O-O Nc6 
9.c3 b6 10.Re1 Bb7 11.Bf4 Re8 12.h4 h5 13.Nbd2 f6 14.exf6 Bxf6 15.Ng5 Nf8 
16.Qxh5 e5 17.Qf7+ Kh8 18.Bxd5 Nh7 19.Qg8+ 1-0

[Event "Bergen Sommer NVGP 2011"]
[Site "Nordnes bydelshus, Bergen"]
[Date "2011.08.05"]
[Round "6"]
[White "Andås, Kjetil"]
[Black "Aure, Anders Nilsson"]
[Result "1-0"]
[WhiteElo "1289"]
[BlackElo "992"]
[EventDate "2011.??.??"]

1.e4 e5 2.Nf3 Nc6 3.Bc4 g6 4.d4 exd4 5.Nxd4 Bg7 6.Nxc6 bxc6 7.Qf3 Qf6 8.
Bf4 d6 9.Nc3 Ne7 10.O-O O-O 11.Rfe1 Qh4 12.Bg3 Qg4 13.Qe3 Be6 14.f3 Qh5 
15.Bxe6 fxe6 16.e5 Nf5 17.Qe4 Nxg3 18.hxg3 Bxe5 19.f4 Bxc3 20.Qxe6+ Rf7 
21.bxc3 Qc5+ 22.Qe3 Qxe3+ 23.Rxe3 Rb8 24.a4 a5 25.Rae1 Rff8 26.Kf2 Rb2 27.
R1e2 Ra2 28.Re4 g5 29.Ke1 gxf4 30.gxf4 d5 31.Rd4 Ra1+ 32.Kd2 Rf1 33.g3 Rf3
34.Rd3 Rf1 35.Re6 Rf2+ 36.Kd1 Rf1+ 37.Ke2 Ra1 38.Rxc6 Rxa4 39.Rxd5 Re8+ 
40.Kd2 Rc8 41.Rd7 Ra1 42.Rcxc7 Rxc7 43.Rxc7 a4 44.Ra7 a3 45.c4 Rg1 46.Rxa3
1-0

[Event "Bergen Sommer NVGP 2011"]
[Site "Nordnes bydelshus, Bergen"]
[Date "2011.08.05"]
[Round "6"]
[White "Rafnung, Skjalg"]
[Black "Stensholt, Sigvat"]
[Result "1-0"]
[WhiteElo "1655"]
[BlackElo "1439"]
[EventDate "2011.??.??"]

1.e4 Nf6 2.Nc3 e5 3.Nf3 Nc6 4.Bb5 Nd4 5.Ba4 Bc5 6.d3 O-O 7.Nxe5 Qe7 8.Nf3 
d5 9.Nxd4 Bxd4 10.Bg5 Bxf2+ 11.Kxf2 Ng4+ 12.Qxg4 Qc5+ 13.Be3 d4 14.Qf4 Be6
15.Bxd4 Qxd4+ 16.Qe3 Qb4 17.Bb3 c5 18.a3 Qb6 19.Na4 Qa5 20.Nxc5 Bxb3 21.
Nxb3 Qh5 22.Qf3 Qe5 23.d4 Qg5 24.Rhe1 Rac8 25.c3 Qb5 26.Qd1 Rc6 27.Re2 f5 
28.e5 Qd5 29.Nd2 Rg6 30.Kg1 f4 31.Qb3 Qxb3 32.Nxb3 f3 33.Rf2 Rf4 34.Nd2 
1-0